000 00350nam a2200157Ia 4500
001 24547
003 IN-NITTTR
005 20251114233314.0
008 251113s9999||||xx |||||||||||||| ||eng||
040 _beng
040 _cIN-NITTTR
041 _aeng
082 _a915.44 R 137
245 0 _aRajasthan :
_b reference guide map. /
942 _2ddc
_cBK
999 _c27176
_d27176